Popularne albumy rap/trap tygodnia 25.06-01.07 - Statystyki

Ogólne statystyki
  • Ten quiz został rozwiązany 6 razy
  • Średni wynik to 12 z 15
Statystyki odpowiedzi
Wykonawca Data wydania Album % Poprawnych
Mata 17 stycznia 2020 100 dni do matury
100%
Białas & White 2115 7 maja 2021 Diamentowy Las
100%
Oki, Young Igi, Otsochodzi 7 maja 2021 OIO
100%
Bedoes & Lanek 29 listopada 2019 Opowieści Z Doliny Smoków
100%
Bedoes & Lanek 15 stycznia 2021 Rewolucja Romantyczna
100%
White 2115 31 sierpnia 2018 Rockstar
100%
Kizo 23 października 2020 Posejdon
80%
Sobel 16 kwietnia 2021 Pułapka Na Motyle
80%
White 2115 28 sierpnia 2020 Rockstar: Do Zachodu Słońca
80%
Żabson 1 lutego 2021 Ziomalski Mixtape
80%
Avi & Louis Villain 21 maja 2021 Akademia Sztuk Pięknych
60%
Sarius 25 czerwca 2021 Antihype 2
60%
Chivas 21 maja 2021 Nauczyłem się przeklinać
60%
Guzior 4 grudnia 2020 PLEŚŃ
60%
Ekipa 26 czerwca 2021 Sezon 3
60%
Nie znaleziono quizów pasujących do podanych kryteriów
Rozkład punktacji
Procent ludzi z każdym wynikiem
Percentyl według liczby udzielonych odpowiedzi
Twoja historia wyników
Nie rozwiązałeś tego quizu